00393nam a22001337a 4500008004100000020001800041041000800059080001000067100000600077101000800083245013900091942001200230999001700242180925b xxu||||| |||| 00| 0 eng d a9780805090529 aeng a616.8 a7 aTRU aBeyond Boundaries The Neurosciencs Of Connecting Brains With Machines And How It Will Chanells Our LivescNicolelis.m 2udccBK c48460d48460